The Encyclopedia of engineering materials and processes. (Record no. 352655)

000 -LEADER
fixed length control field 00784 a2200205 4500
003 - CONTROL NUMBER IDENTIFIER
control field OSt
005 - DATE AND TIME OF LATEST TRANSACTION
control field 20180116192341.0
008 - FIXED-LENGTH DATA ELEMENTS--GENERAL INFORMATION
fixed length control field 120524t xxu||||| |||| 00| 0 eng d
010 ## - LIBRARY OF CONGRESS CONTROL NUMBER
LC control number 63013448
040 ## - CATALOGING SOURCE
Transcribing agency 0
082 00 - DEWEY DECIMAL CLASSIFICATION NUMBER
Classification number 620.11
245 04 - TITLE STATEMENT
Title The Encyclopedia of engineering materials and processes.
Statement of responsibility, etc. Editor in chief: H.R. Clauser; Associate editors: Robert Fabian and Donald Peckner and Malcolm W. Riley.
260 ## - PUBLICATION, DISTRIBUTION, ETC.
Place of publication, distribution, etc. New York :
Name of publisher, distributor, etc. Reinhold Pub. Corp.,
Date of publication, distribution, etc. [1963]
300 ## - PHYSICAL DESCRIPTION
Extent xi, 787 p.:
Other physical details illus., diagrs., tables.
Dimensions 26 cm.
650 10 - SUBJECT ADDED ENTRY--TOPICAL TERM
Topical term or geographic name entry element Materials
General subdivision Dictionaries.
9 (RLIN) 1805
650 #0 - SUBJECT ADDED ENTRY--TOPICAL TERM
Topical term or geographic name entry element Manufacturing processes
General subdivision Dictionaries.
9 (RLIN) 1806
700 1# - ADDED ENTRY--PERSONAL NAME
Personal name Clauser, Henry R.,
9 (RLIN) 1807
942 ## - ADDED ENTRY ELEMENTS (KOHA)
Institution code [OBSOLETE] SADA
Koha item type Reference
Call number prefix REF 620.11 ENC 1963
Source of classification or shelving scheme
Holdings
Withdrawn status Lost status Source of classification or shelving scheme Damaged status Not for loan Permanent Location Current Location Date acquired Total Checkouts Full call number Barcode Date last seen Cost, replacement price Price effective from Koha item type
          School of Art Design and Architecture (SADA) School of Art Design and Architecture (SADA) 02/02/2011   REF 620.11 ENC 1963 SADA0000560 08/05/2011 3394.00 08/05/2011 Reference
© 2023 Central Library, National University of Sciences and Technology. All Rights Reserved.